Pokémon Chromatique en Image ! - Statistiques

Statistiques générales
  • Ce quiz a été pris 391 fois
  • Le résultat moyen est 14 sur 20
Statistiques - réponses
Question Réponse % Correct
Gardevoir
98%
Dracaufeu
97%
Luxray
94%
Mentali
94%
Mew
91%
Feuforêve
88%
Phogleur
87%
Reshiram
73%
Papilusion
69%
Guériaigle
68%
Smogogo
66%
Voltoutou
62%
Rattata d'Alola
61%
Togekiss
60%
Boskara
60%
Brutalibré
59%
Draïeul
56%
Limagma
52%
Limaspeed et Lançargot
47%
Neitram
39%
Aucun quiz correspondant
Distribution des résultats
% des personnes avec chaque résultat
Percentile par nombre de réponses
Votre historique - résultats
Vous n’avez pas pris ce quiz